000 01038nmc a2200361 a 4500
003 AR-BaBNM
005 20251128211053.0
008 022020s2002 ||||||||||||||000 | spa||
020 _a950-802-143-8
040 _cAR-BaBNM
100 1 _aPalladino, Enrique
245 1 0 _aLa teoría y la práctica
_bun enfoque interdisciplinario para la acción
250 _a1ª ed.
260 _aBuenos Aires
_bEspacio Editorial
_c2002
300 0 _a131 p.
490 0 _aDidáctica
504 _aContiene referencias bibliográficas p. 129-131
650 4 _aORGANIZACIONES
650 4 _aTEORIA
650 4 _aPRACTICA
650 4 _aINVESTIGACION CIENTIFICA
650 4 _aENFOQUE INTERDISCIPLINARIO
650 4 _aCOMUNICACION
650 4 _aSOLUCION DE CONFLICTOS
653 0 _aMETODO CIENTIFICO
653 0 _aREFLEXION SOBRE LA PRACTICA
653 0 _aANALISIS INSTITUCIONAL
653 0 _aTEORIA DE LAS ORGANIZACIONES
653 0 _aCAPACITACION DOCENTE
653 0 _aCAPACITACION LABORAL
942 _cBK
998 _craquel
999 _c18095
_d18095